[Event "Bergen Sommer Super-NGP A"]
[Site "Bergen"]
[Date "2019.07.30"]
[Round "5"]
[White "Takle, Mikael"]
[Black "Fossan, Andreas"]
[Result "1/2-1/2"]
[WhiteElo "1737"]
[BlackElo "2023"]
[PlyCount "56"]
[EventDate "2019.07.29"]
[EventType "swiss"]
[EventRounds "9"]
[EventCountry "NOR"]
[SourceTitle "EXT 2024"]
[Source "ChessBase"]
[SourceDate "2023.10.10"]
[SourceVersion "1"]
[SourceVersionDate "2023.10.10"]
[SourceQuality "1"]

1. e4 e6 2. Nf3 d5 3. e5 c5 4. b4 cxb4 5. d4 Nc6 6. a3 Bd7 7. axb4 Bxb4+ 8. c3 Be7 9. Bd3 Na5 10. 0-0 a6 11. Na3 Rc8 12. Bd2 Bxa3 13. Rxa3 Bb5 14. Bxb5+ axb5 15. Qa1 b6 16. Rb1 Qd7 17. Rb4 Ne7 18. Qb1 Nc4 19. Ra2 0-0 20. Ng5 g6 21. Qd3 f6 22. exf6 Rxf6 23. Nf3 Nc6 24. Rxb5 Rcf8 25. Bh6 Re8 26. Rb1 e5 27. dxe5 N6xe5 28. Nxe5 Nxe5 1/2-1/2

[Event "Hordaland-ch NGP"]
[Site "Bergen"]
[Date "2017.05.28"]
[Round "6"]
[White "Kristiansen, Snorre"]
[Black "Takle, Mikael"]
[Result "1/2-1/2"]
[WhiteElo "1480"]
[BlackElo "1599"]
[PlyCount "71"]
[EventDate "2017.05.25"]
[EventType "swiss"]
[EventRounds "6"]
[EventCountry "NOR"]
[SourceTitle "EXT 2024"]
[Source "ChessBase"]
[SourceDate "2023.10.10"]
[SourceVersion "1"]
[SourceVersionDate "2023.10.10"]
[SourceQuality "1"]

1. e4 e6 2. d4 d5 3. Nc3 Nc6 4. e5 f6 5. Nf3 Bd7 6. Bf4 a6 7. h4 Bb4 8. a3 Ba5 9. g3 fxe5 10. Nxe5 Nf6 11. Qd3 Ne4 12. b4 Nxc3 13. Qxc3 Bb6 14. Nxc6 Bxc6 15. Bh3 Qf6 16. Be5 Qe7 17. 0-0 0-0 18. Rfe1 Rf7 19. Re3 Raf8 20. f4 h6 21. f5 exf5 22. Bxg7 Qd6 23. Bxf8 Kxf8 24. Re5 Bd7 25. Rf1 Qg6 26. Kh2 c6 27. Qd3 Bc7 28. Re2 Qh5 29. Qf3 Qxh4 30. Rg2 Qxd4 31. Qh5 Qf6 32. Rgf2 Qg7 33. Qh4 Qg6 34. Kg2 Be6 35. Kh2 Bd7 36. Kg2 1/2-1/2

[Event "Hordaland-ch op"]
[Site "Bergen"]
[Date "2015.04.18"]
[Round "3"]
[White "Takle, Mikael"]
[Black "Johansen, Kristian R"]
[Result "0-1"]
[WhiteElo "1412"]
[BlackElo "1703"]
[PlyCount "40"]
[EventDate "2015.04.17"]
[EventType "swiss"]
[EventRounds "5"]
[EventCountry "NOR"]
[SourceTitle "EXT 2024"]
[Source "ChessBase"]
[SourceDate "2023.10.10"]
[SourceVersion "1"]
[SourceVersionDate "2023.10.10"]
[SourceQuality "1"]

1. e4 d5 2. exd5 Qxd5 3. Nf3 Bg4 4. Be2 Nc6 5. c4 Qd7 6. d4 Bxf3 7. Bxf3 Nxd4 8. Bxb7 Rb8 9. Bd5 c5 10. b3 e6 11. Bf3 Nf6 12. 0-0 Bd6 13. Re1 Qc7 14. h3 Be5 15. Nc3 0-0 16. Re3 Rfd8 17. Rd3 Nxf3+ 18. Qxf3 Rxd3 19. Qxd3 Rd8 20. Qf3 Bxc3 0-1

[Event "Hordaland-ch op"]
[Site "Bergen"]
[Date "2015.04.17"]
[Round "1"]
[White "Martinsen, Stig K"]
[Black "Takle, Mikael"]
[Result "1-0"]
[WhiteElo "2151"]
[BlackElo "1412"]
[PlyCount "57"]
[EventDate "2015.04.17"]
[EventType "swiss"]
[EventRounds "5"]
[EventCountry "NOR"]
[SourceTitle "EXT 2024"]
[Source "ChessBase"]
[SourceDate "2023.10.10"]
[SourceVersion "1"]
[SourceVersionDate "2023.10.10"]
[SourceQuality "1"]

1. d4 Nf6 2. c4 c5 3. d5 b5 4. cxb5 a6 5. e3 g6 6. Nc3 d6 7. Nf3 Bg7 8. e4 0-0 9. a4 axb5 10. Bxb5 Ba6 11. Bg5 Bxb5 12. axb5 Nbd7 13. 0-0 Qb6 14. Qe2 Rfb8 15. Nd2 Kf8 16. Nc4 Qc7 17. f4 Nh5 18. Rxa8 Rxa8 19. e5 f6 20. Bh4 Kg8 21. g4 Nxf4 22. Rxf4 g5 23. exd6 exd6 24. Bxg5 fxg5 25. Qe6+ Kh8 26. Rf7 Rd8 27. b6 Qb7 28. Rxg7 Kxg7 29. Qe7+ 1-0

[Event "Bergen Grand Prix B"]
[Site "Bergen"]
[Date "2013.10.20"]
[Round "4"]
[White "Birkestrand, Odd Helge"]
[Black "Takle, Mikael"]
[Result "1-0"]
[WhiteElo "1433"]
[BlackElo "1175"]
[PlyCount "97"]
[EventDate "2013.10.18"]
[EventType "swiss"]
[EventRounds "5"]
[EventCountry "NOR"]
[SourceTitle "EXT 2024"]
[Source "ChessBase"]
[SourceDate "2023.10.10"]
[SourceVersion "1"]
[SourceVersionDate "2023.10.10"]
[SourceQuality "1"]

1. e4 c5 2. c3 e6 3. d4 d5 4. e5 Bd7 5. Nf3 Qb6 6. Be2 Bb5 7. 0-0 Bxe2 8. Qxe2 Qa6 9. Qd1 Nd7 10. Be3 c4 11. Nbd2 Ne7 12. Nh4 Nc6 13. f4 Be7 14. Qg4 0-0-0 15. Nhf3 g6 16. Qg3 Qb6 17. Rfb1 Qc7 18. Qf2 Nb6 19. b3 cxb3 20. axb3 Kd7 21. c4 Nb4 22. c5 Nc8 23. Nf1 a6 24. Bd2 Nc6 25. b4 N8a7 26. Ne3 Nb5 27. Nc2 Ra8 28. Qe1 Rhc8 29. Ra2 Qd8 30. Rba1 Qf8 31. Be3 Qh6 32. f5 Qf8 33. f6 Bd8 34. Qd2 Qh8 35. Bh6 Bxf6 36. exf6 Qxf6 37. Bg5 Qf5 38. Re1 f6 39. Bh4 g5 40. Bg3 Qg6 41. Rea1 Rh8 42. Na3 Nca7 43. c6+ bxc6 44. Nxb5 Nxb5 45. Rxa6 Rac8 46. Qc1 h5 47. Qc5 Rhe8 48. Ra7+ Kd8 49. Qb6+ 1-0